000 00625nam a2200193 a 4500
001 BRCA_7883
005 20190320210034.0
008 271213s2013----mx-a######---#000-0#spa-#
041 _aspa
044 _amx
050 4 _aNK7114
_b.B54 2013
245 1 0 _a1a. [i.e. Primera] Bienal de diseño en plata.
260 _a[México
_bMuseo Franz Mayer : MuseArte
_c2013]
300 _a50 p.
_bil. a color
_c22 cm.
500 _aCatálogo de la exposición realizada en el Museo Franz Mayer (Ciudad de México), 8 noviembre, 2013 - 19 enero, 2014
650 1 4 _aPlata
_910572
650 1 4 _aTrabajos en plata
_919500
942 _2lcc
_cB
999 _c7557
_d7557